|
|
|
|
| LEADER |
01036pam a22002778a 4500 |
| 001 |
00020322 |
| 005 |
20171026081023.0 |
| 008 |
110517s2008 ||||||Viesd |
| 020 |
|
|
|c 27500
|
| 041 |
0 |
# |
|a Vie
|
| 082 |
1 |
4 |
|a 515
|b GI108TR
|
| 100 |
0 |
# |
|a Trần Đức Long
|
| 245 |
0 |
0 |
|c Trần Đức Long, Nguyễn Đình Sang
|n T.1
|p Phép tính vi phân của hàm một biến và nhiều biến
|a Giáo trình giải tích
|
| 260 |
# |
# |
|a H.
|b ĐH Quốc gia
|c 2008
|
| 300 |
# |
# |
|a 235 tr.
|c 21 cm.
|
| 650 |
# |
4 |
|a Giáo trình
|
| 650 |
# |
4 |
|a Giải tích
|
| 650 |
# |
4 |
|a Tích phân bội
|
| 653 |
# |
# |
|a Hàm một biến
|
| 653 |
# |
# |
|a Hàm nhiều biến
|
| 653 |
# |
# |
|a Phép tính vi phân
|
| 852 |
# |
# |
|b Kho mượn
|j KGT.0051562, KGT.0051524, KGT.0051525
|
| 852 |
# |
# |
|j KD.0005765
|b Kho đọc
|
| 852 |
# |
# |
|j KD.0005765
|j KGT.0051562
|j KGT.0051524
|j KGT.0051525
|j KGT.0054771
|
| 910 |
0 |
# |
|a nhnam
|d 17/05/2011
|
| 980 |
# |
# |
|a Trung tâm Học liệu Lê Vũ Hùng, Trường Đại học Đồng Tháp
|